Govt. of
Madhya Pradesh

This Matter Of Culture (Record no. 16015)

MARC details
000 -LEADER
fixed length control field 004630000a22001810004500
001 - CONTROL NUMBER
control field 004124
003 - CONTROL NUMBER IDENTIFIER
control field MACL
005 - DATE AND TIME OF LATEST TRANSACTION
control field 20150908151235.0
008 - FIXED-LENGTH DATA ELEMENTS--GENERAL INFORMATION
fixed length control field 150908b xxu||||| |||| 00| 0 eng d
040 ## - CATALOGING SOURCE
Original cataloging agency MACL
Transcribing agency English
082 ## - DEWEY DECIMAL CLASSIFICATION NUMBER
Classification number 921/KRI
100 ## - MAIN ENTRY--PERSONAL NAME
Personal name Krishnamurti, J
9 (RLIN) 4788
245 ## - TITLE STATEMENT
Title This Matter Of Culture
Statement of responsibility, etc. J Krishnamurti
260 ## - PUBLICATION, DISTRIBUTION, ETC. (IMPRINT)
Place of publication, distribution, etc. Chennai
Date of publication, distribution, etc. 1994
Name of publisher, distributor, etc. Krishna murti Foundation India,
350 ## - PRICE (NR) (BK AM CF MU VM SE) [OBSOLETE]
Price 125
650 ## - SUBJECT ADDED ENTRY--TOPICAL TERM
Topical term or geographic name as entry element Biography
9 (RLIN) 144
942 ## - ADDED ENTRY ELEMENTS (KOHA)
Call number prefix 921
Koha item type Books
Source of classification or shelving scheme
Holdings
Withdrawn status Lost status Source of classification or shelving scheme Damaged status Not for loan Home library Current library Date acquired Cost, normal purchase price Total Checkouts Full call number Barcode Date last seen Date last checked out Uniform Resource Identifier Price effective from Koha item type
          MACL MACL 15/04/2015 125.00 2 921/KRI CRE015125 02/05/2024 28/03/2023 15919 15/04/2015 Books